| 000 | 00968nam a22002417a 4500 | ||
|---|---|---|---|
| 005 | 20260424162129.0 | ||
| 008 | 260424b |||||||| |||| 00| 0 eng d | ||
| 020 | _a9788126706891 (pbk) | ||
| 037 | _cTB | ||
| 040 |
_aCRL _cCRL |
||
| 041 |
_2hin _ahin |
||
| 084 |
_aO152,3N37,NK R3 _qCRL |
||
| 100 | _aशुक्ल, विनोद कुमार | ||
| 245 | _aनौकर की कमीज | ||
| 250 | _a11वां संस्करण | ||
| 260 |
_aनयी दिल्ली, भारत: _bराजकमल पेपरबैक्स, _c2023. |
||
| 300 | _a247पृ. | ||
| 365 |
_b350.00 _cINR |
||
| 650 | _aहिन्दी कहानी | ||
| 650 | _aहिन्दी साहित्य | ||
| 942 |
_2CC _cTB _e11वां संस्करण _hO152,3N37,NK R3 _n0 |
||
| 999 |
_c1848544 _d1848544 |
||